Código Penal de la República Argentina : comentarios, jurisprudencia, doctrina /

Guardado en:
Autor Principal: Ossorio y Florit, Manuel
Formato: Libro
Idioma:Spanish
Publicado: Buenos Aires : Universidad, 2007
Edición:14a. ed. act.
Materias:
Etiquetas: Agregar Etiqueta
Sin Etiquetas, Sea el primero en etiquetar este registro!
LEADER 00657nam a22001815a 4500
001 DER.der009614
008 180615s2007####|||||||||||||||||#||spa||
005 20251113172055.0
245 1 0 |a Código Penal de la República Argentina :  |b comentarios, jurisprudencia, doctrina /  |c Manuel Ossorio y Florit , Marco A. Rufino 
250 |a 14a. ed. act. 
260 |a Buenos Aires :  |b Universidad,  |c 2007 
300 |a 714 p. 
505 0 |t Con: Actualización y fe de erratas de la decimocuarta edición 
020 |a 9789506794118 
100 1 |a Ossorio y Florit, Manuel 
700 1 |a Rufino, Marco A.,  |e col. 
653 |a CODIGO PENAL 
859 |a DERECHO  |b BIB. DERECHO  |h 345  |i COD  |p 006273